000 00655nam a2200217 a 4500
001 BRCA_989
005 20190320203232.0
008 030526s2002 sp-a---###---#000-0#spa-d
020 _a8489439338
041 _aspa
044 _asp
050 4 _aNA1455.F53
_b.A4 2002
245 1 0 _aAlvar Aalto
_ceditor Paco Asensio.
260 _aBarcelona, España
_bLOFT
_c2002
300 _a79 p.
_bil. a color
_c23 cm.
500 _aIncluye cronología de la obra de Alvar Aalto
600 1 4 _aAalto, Hugo Alvar Henrik
_d1898-1976
_xCrítica e interpretación
_93265
650 1 4 _aArquitectos finlandeses
_93266
700 1 _aAsensio, Paco
_eed.
_93267
942 _2lcc
_cB
999 _c873
_d873